000 00212 a2200097 4500
001 47919
100 _aAntonys S
245 _aSoviet Affairs
260 _aLondon
_bChatto & Windus Ltd
_c
090 _c30914
_d30914
942 _aNUST-CAE
_cM
_c23241
999 _c282992
_d282992